000 00336nam a2200145Ia 4500
008 191201s2007 xx 000 0 und d
082 _a005.133
_bKAE
100 _aKANETKAR, Yashwant
245 0 _aExpliring C
250 _a1st
260 _aN.Delhi
_bBPB Publication
_c2007
300 _a513
650 _aB.Tech(IT)
942 _2ddc
_cBK
999 _c2868
_d2868